01149nam a2200193Ia 4500001001100000003001000011008004100021040002500062041001300087100001700100245004700117250001100164260009000175300001200265500026400277501011400541520026400655650003600919L200-52145IT-CnALBA170116s9999||||xx |||||||||||||| ||und|| aIT-CnALBAcIT-CnALBA aITALIANO aNERI UMBERTO 0aL'EUCARISTIA. CATECHESI DI MONTEVEGLIO/2.  a1a ed. a BOLOGNA - NAPOLIbDEHONIANE EDIZIONI c1994 [1° Ed.:1994 - Ed.Ling.Originale: 1994] a202 p.  aL'EUCARISTIA PASQUA. REDENZIONE DEL CRISTO COME CELEBRAZIONE PASQUALE. L'EUCARISTIA. PASQUA NELLA FIGURA E REALTÀ. L'EVENTO DI PASQUA. IL RITO. AGNELLO. CELEBRAZIONE PASQUALE COME INIZIO. COME NOTTE DI VEGLIA. NELLA FIGURA. NELLA REALTÀ. CELEBRAZIONE PASQ aSocietà San Paolo EM - Piazza San Paolo, 14 - 12051 ALBA (CN) (non commercial uses only) ® Copyright 2017 aL'EUCARISTIA PASQUA. REDENZIONE DEL CRISTO COME CELEBRAZIONE PASQUALE. L'EUCARISTIA. PASQUA NELLA FIGURA E REALTÀ. L'EVENTO DI PASQUA. IL RITO. AGNELLO. CELEBRAZIONE PASQUALE COME INIZIO. COME NOTTE DI VEGLIA. NELLA FIGURA. NELLA REALTÀ. CELEBRAZIONE PASQ aRELIGIONE - RELIGIONE CRISTIANA